MCAT Psychology and Sociology Review: for MCAT 2015 / (Record no. 31116)

000 -LEADER
fixed length control field 00513nam a22001457a 4500
008 - FIXED-LENGTH DATA ELEMENTS--GENERAL INFORMATION
fixed length control field 220223b |||||||| |||| 00| 0 eng d
020 ## - INTERNATIONAL STANDARD BOOK NUMBER
International Standard Book Number 9780804124737
050 ## - LIBRARY OF CONGRESS CALL NUMBER
Classification number R 838.5 .P75 2014
100 ## - MAIN ENTRY--PERSONAL NAME
Personal name Princeton Review,
245 ## - TITLE STATEMENT
Title MCAT Psychology and Sociology Review: for MCAT 2015 /
Statement of responsibility, etc. Princeton Review
260 ## - PUBLICATION, DISTRIBUTION, ETC. (IMPRINT)
Place of publication, distribution, etc. US:
Name of publisher, distributor, etc. Penguin Random House,
Date of publication, distribution, etc. 2014.
300 ## - PHYSICAL DESCRIPTION
Extent iv,1073p. :
Other physical details ill. ;
Dimensions 37cm
500 ## - GENERAL NOTE
General note includes bibliographical referencs and index.
942 ## - ADDED ENTRY ELEMENTS (KOHA)
Source of classification or shelving scheme
Koha item type Hard Covered Materials
Classification part R 838.5 .P75 2014
Holdings
Withdrawn status Lost status Source of classification or shelving scheme Damaged status Not for loan Home library Current library Shelving location Date acquired Source of acquisition Total Checkouts Full call number Barcode Date last seen Price effective from Koha item type
          MACHAKOS UNIVERSITY LIBRARY MACHAKOS UNIVERSITY LIBRARY Open shelf 23/02/2022 Damaris Mwinzi   R 838.5 .P75 2014 23768 23/02/2022 23/02/2022 Hard Covered Materials
© Machakos University Library, Along The Highway, Machakos Wote Rd, Machakos, Kenya P.O. Box 136 - 90100 Machakos - Kenya

Tel: ( +254 ) 723 805829 OR Fax : 044-20353 OR Email: library@mksu.ac.ke